000 00673nam a2200253Ia 4500
005 20250425162731.0
008 250425s9999 xx 000 0 und d
020 _a0471295590
041 _aeng
082 _a658.314
100 _aSMITH, DOUGLAS K
245 0 _aMAKE SUCCESS MEASURABLE: A MINDBOOK-WORKBOOK FOR SETTING GOALS AND TAKING ACTION
250 _a1 ST ED
260 _aEstados Unidos
_bJOHN WESLEY & SONS INC
_c1999
260 _aNEW YORK
300 _a244
500 _aDONADO POR GUILLERMO AROSEMENA
650 _aNORMAS
650 _aOBJETIVO
650 _aRENDIMIENTO
710 _aJOHN WILEY & SONS INC
942 _c01
010 _a103892
999 _c235328
_d235328